00580nam a22001577a 4500003000900000005001700009007000300026008003600029020001800065040002500083082000700108245019300115260004200308300002100350700005100371DO-SdBNP20220127125021.0ta210809b 2016 dr 00| 0 eng d a9789945086973 aDO-SdBNPbspacBNPHU 422210aRecopilación jurisprudencial integrada de las decisiones del Tribunal Constitucional de la República Dominicana : sentencias año 2015 / ccompilador L. Almanzor González Canahuate. aSanto Domingo : bCentenario, c2016. a2 v. ; c29 cm. 1 aGonzález Canahuate, L. Almanzor,ecompilador